<?xml version="1.0" encoding="UTF-8"?>
<collection xmlns="http://www.loc.gov/MARC21/slim">
 <record>
  <leader>00510pamaa2200145   4500</leader>
  <controlfield tag="001">0000033069</controlfield>
  <controlfield tag="005">20070329090000.0</controlfield>
  <datafield tag="020" ind1="0" ind2="0">
   <subfield code="a">9838710067 </subfield>
  </datafield>
  <datafield tag="090" ind1="0" ind2="0">
   <subfield code="a">G419 </subfield>
   <subfield code="b">SHA 2001</subfield>
  </datafield>
  <datafield tag="100" ind1="1" ind2="1">
   <subfield code="a">Shareem Amry </subfield>
  </datafield>
  <datafield tag="245" ind1="1" ind2="0">
   <subfield code="a">Ocean wild : </subfield>
   <subfield code="b">jalur gemilang challenge=meredah samudera cabaran jalur gemilang  </subfield>
   <subfield code="c">Shareem Amry.</subfield>
  </datafield>
  <datafield tag="260" ind1="0" ind2="0">
   <subfield code="a">Kuala Lumpur: </subfield>
   <subfield code="b">The New Straits Times Press, </subfield>
   <subfield code="c">2001.</subfield>
  </datafield>
  <datafield tag="300" ind1=" " ind2=" ">
   <subfield code="a">155p.: </subfield>
   <subfield code="b">col.ill.; </subfield>
   <subfield code="c">31cm.</subfield>
  </datafield>
  <datafield tag="650" ind1="0" ind2="0">
   <subfield code="a">Azhar Mansor -- </subfield>
   <subfield code="x">Datuk-Journeys </subfield>
  </datafield>
  <datafield tag="650" ind1="0" ind2="0">
   <subfield code="a">Voyages around the world -- </subfield>
   <subfield code="x">Personal narratives </subfield>
  </datafield>
 </record>
</collection>
